Messi's Top 15 Teammates - Statistics

General Stats
  • This quiz has been taken 683 times
  • The average score is 12 of 15
Answer Stats
Played At Games Answer % Correct
Barcelona, Inter Miami 272 Luis Suarez
99%
Barcelona, PSG 206 Neymar
99%
Barcelona, Inter Miami 596 Sergio Busquets
92%
Barcelona 489 Andres Iniesta
91%
Barcelona, Inter Miami 366 Jordi Alba
90%
Barcelona 399 Xavi
90%
Barcelona 506 Gerard Pique
84%
Barcelona 269 Carles Puyol
76%
Barcelona 349 Dani Alves
74%
Barcelona, Argentina 414 Javier Mascherano
73%
Barcelona 250 Marc-Andre Ter Stegen
73%
Barcelona 353 Victor Valdes
62%
Barcelona 277 Ivan Rakitic
57%
Barcelona 270 Pedro
55%
Barcelona 245 Sergi Roberto
40%
No matching quizzes found
Score Distribution
Percent of People with Each Score
Percentile by Number Answered
Your Score History
You have not taken this quiz